Online Catalogue and eLibrary

Voices of silence : (Record no. 571)

MARC details
000 -LEADER
fixed length control field 00556cam a2200193 a 4500
001 - CONTROL NUMBER
control field 15366325
005 - DATE AND TIME OF LATEST TRANSACTION
control field 20240314021521.0
008 - FIXED-LENGTH DATA ELEMENTS--GENERAL INFORMATION
fixed length control field 080715s2008 ce 000 0 eng
020 ## - INTERNATIONAL STANDARD BOOK NUMBER
ISBN 97895516870609
040 ## - CATALOGING SOURCE (பட்டியலாக்க மூலம்)
Original cataloging agency DLC
Transcribing agency DLC
082 ## - DDC Classification
DDC Edition Number 22
Class No. 323.4.
Item Number - Author Mark VOI.
245 00 - TITLE STATEMENT
Title Voices of silence :
Remainder of title cases before a court of the people /
Statement of responsibility, etc. edited by Kishanie S. Fernando.
260 ## - PUBLICATION, DISTRIBUTION, ETC.
Place of publication, distribution, etc. Panadura :
Name of publisher, distributor, etc. Janasansadaya,
Date of publication, distribution, etc. 2008.
300 ## - PHYSICAL DESCRIPTION
Extent (e.g. Volumes, Pages etc.) 75 p. ;
650 #0 - SUBJECT ADDED ENTRY--TOPICAL TERM
Topical term or geographic name entry element Victims of crimes
650 #0 - SUBJECT ADDED ENTRY--TOPICAL TERM
Topical term or geographic name entry element Sexual abuse victims
700 1# - ADDED ENTRY--PERSONAL NAME
Personal name Fernando, Kishanie S.
Relator term (Role) Editor
942 ## - Koha item type (Biblio)
Koha item type Books in Stacks (Lending)
Holdings
Lost status Damaged status Collection code Home library Current library Date acquired Full call number Accession Number Item type
    Lending WERC Library WERC Library 03/14/2024 323.4. VOI. 6057 Books in Stacks (Lending)

© WERC Library